[Event "Mauricie op"]
[Site "Trois-Rivieres CAN"]
[Date "2001.03.18"]
[Round "5"]
[White "Mikanovic, Goran"]
[Black "Robichaud, Louis"]
[Result "1-0"]
[WhiteElo "2361"]
[BlackElo "2119"]
[PlyCount "81"]
[GameId "2160767911565178"]
[EventDate "2001.03.16"]
[EventType "swiss"]
[EventRounds "5"]
[EventCountry "CAN"]

1. d4 Nf6 2. c4 g6 3. Nc3 Bg7 4. e4 d6 5. Nf3 O-O 6. Be2 e5 7. O-O Nc6 8. d5 Ne7 9. b4 Ne8 10. c5 h6 11. Nd2 f5 12. a4 fxe4 13. Ndxe4 Nf5 14. Ba3 Nd4 15. b5 Bf5 16. Bd3 Rf7 17. Rc1 Bf8 18. cxd6 cxd6 19. Ne2 Nxe2+ 20. Qxe2 Qa5 21. Rc4 Qd8 22. Ng3 Rc8 23. Rfc1 Rxc4 24. Rxc4 Ng7 25. Nxf5 Nxf5 26. Qg4 Kh7 27. Qd1 Qf6 28. Bc1 h5 29. Bxf5 Qxf5 30. Be3 Bh6 31. Bxa7 e4 32. h3 e3 33. Bxe3 Bxe3 34. fxe3 Qf2+ 35. Kh2 Qxe3 36. Qd4 Qe8 37. b6 Qd8 38. a5 Kh6 39. Qe3+ Kh7 40. Qc1 Rf8 41. Rc7+ 1-0

[Event "Mauricie op"]
[Site "Trois-Rivieres CAN"]
[Date "2001.03.18"]
[Round "5"]
[White "Paquin, Pierre"]
[Black "Matteau, Francois"]
[Result "1-0"]
[WhiteElo "1642"]
[BlackElo "1648"]
[PlyCount "73"]
[GameId "2160767911565179"]
[EventDate "2001.03.16"]
[EventType "swiss"]
[EventRounds "5"]
[EventCountry "CAN"]
[SourceTitle "EXT 2003"]
[Source "ChessBase"]
[SourceDate "2002.11.25"]
[SourceVersion "1"]
[SourceVersionDate "2002.11.25"]
[SourceQuality "1"]

1. b4 e5 2. Bb2 Nc6 3. b5 Nd4 4. e3 Ne6 5. Bxe5 d6 6. Bb2 Nf6 7. Nf3 Be7 8. Be2 O-O 9. O-O b6 10. c4 Bb7 11. Nc3 a6 12. a4 d5 13. d4 Bb4 14. Qb3 Qd6 15. Na2 a5 16. Ne5 Ne4 17. Qc2 f6 18. Nf3 N6g5 19. Nxg5 fxg5 20. Nxb4 axb4 21. f3 Nf6 22. cxd5 Bxd5 23. e4 Qf4 24. exd5 Qe3+ 25. Kh1 Nh5 26. Qe4 Qb3 27. Bc1 Qc3 28. Bxg5 Rae8 29. Qd3 Qb2 30. Rae1 b3 31. Qd2 Qa3 32. Bd3 Rxe1 33. Rxe1 b2 34. Be7 Qxa4 35. Bxf8 Kxf8 36. Qxb2 Nf6 37. Ra1 1-0

[Event "Mauricie op"]
[Site "Trois-Rivieres CAN"]
[Date "2001.03.18"]
[Round "5"]
[White "Paradis, Sylvain"]
[Black "Deschamps, Martin"]
[Result "1-0"]
[WhiteElo "1945"]
[BlackElo "1917"]
[PlyCount "63"]
[GameId "2160767911565180"]
[EventDate "2001.03.16"]
[EventType "swiss"]
[EventRounds "5"]
[EventCountry "CAN"]
[SourceTitle "EXT 2003"]
[Source "ChessBase"]
[SourceDate "2002.11.25"]
[SourceVersion "1"]
[SourceVersionDate "2002.11.25"]
[SourceQuality "1"]

1. Nf3 Nf6 2. c4 e6 3. d4 Bb4+ 4. Bd2 Bxd2+ 5. Nbxd2 d5 6. e3 O-O 7. Bd3 b6 8. cxd5 exd5 9. Qc2 Ba6 10. Ne5 Bxd3 11. Qxd3 Re8 12. O-O c5 13. Ndf3 Nbd7 14. Rfd1 Qe7 15. b3 Rac8 16. Qb5 Qd6 17. Rac1 h6 18. Qa6 Rc7 19. Nxd7 Nxd7 20. dxc5 Nxc5 21. Qb5 Rd8 22. h3 Rcd7 23. Nd4 Qf6 24. Qe2 Re8 25. Qg4 Re4 26. Qg3 Re8 27. Rc2 Ne4 28. Qg4 Rde7 29. Nf3 Nc3 30. Rd3 Re4 31. Qg3 Rc8 32. Nd4 1-0

[Event "Mauricie op"]
[Site "Trois-Rivieres CAN"]
[Date "2001.03.18"]
[Round "5"]
[White "Trottier, Julie"]
[Black "Rodriguez, Herver"]
[Result "1-0"]
[WhiteElo "2025"]
[BlackElo "1953"]
[PlyCount "100"]
[GameId "2160767911565182"]
[EventDate "2001.03.16"]
[EventType "swiss"]
[EventRounds "5"]
[EventCountry "CAN"]

1. d4 g6 2. Nf3 Nf6 3. g3 Bg7 4. c4 d6 5. Bg2 O-O 6. O-O Nc6 7. Nc3 a6 8. b3 Rb8 9. Bb2 Bg4 10. h3 Bd7 11. Qc2 e5 12. dxe5 dxe5 13. Rfd1 Qc8 14. Kh2 Re8 15. Nd5 Bf5 16. Nxf6+ Bxf6 17. e4 Be6 18. Qd2 Rd8 19. Qh6 Bg7 20. Qh4 f6 21. g4 g5 22. Qg3 Nb4 23. Nxe5 fxe5 24. Bxe5 Rd7 25. Rxd7 Qxd7 26. Bxc7 Rf8 27. Rf1 Nc6 28. Bd6 Rf7 29. e5 Rf4 30. Bxc6 Qxc6 31. Qe3 h5 32. Qd3 Rf3 33. Qg6 Rxh3+ 34. Kxh3 Qf3+ 35. Kh2 Qf4+ 36. Kh1 Bxg4 37. e6 Bf3+ 38. Kg1 Qg4+ 39. Bg3 h4 40. e7 Bc6 41. e8=Q+ Bxe8 42. Qxe8+ Kh7 43. Kh2 hxg3+ 44. fxg3 Qd4 45. Qh5+ Kg8 46. Qf3 Qb2+ 47. Rf2 Qc1 48. Qxb7 g4 49. Qc8+ Kh7 50. Qxg4 Qe1 1-0

[Event "Mauricie op U2000"]
[Site "Trois-Rivieres CAN"]
[Date "2001.03.16"]
[Round "1"]
[White "Lezaic, Jovan"]
[Black "Morin, Louis"]
[Result "1-0"]
[WhiteElo "1978"]
[BlackElo "1863"]
[PlyCount "101"]
[GameId "2160767911565184"]
[EventDate "2001.03.16"]
[EventType "swiss"]
[EventRounds "5"]
[EventCountry "CAN"]
[SourceTitle "hb 2013"]

1. d4 d5 2. c4 e6 3. Nc3 c5 4. e3 Nf6 5. Nf3 Nc6 6. a3 b6 7. cxd5 exd5 8. Bb5 Bb7 9. Ne5 Rc8 10. Qa4 Qc7 11. Qxa7 Bd6 12. Bxc6+ Bxc6 13. Qxc7 Rxc7 14. Nxc6 Rxc6 15. O-O O-O 16. Bd2 Rd8 17. Rfd1 Bb8 18. Ne2 Ne4 19. Be1 Rh6 20. g3 g5 21. f3 Nf6 22. dxc5 bxc5 23. Rac1 Ba7 24. g4 Re8 25. Bf2 d4 26. e4 Nxe4 27. fxe4 Rxe4 28. Ng3 Rxg4 29. Kh1 Rf4 30. Bg1 f5 31. b4 Rf3 32. Kg2 Rxa3 33. bxc5 Ra2+ 34. Kf1 f4 35. Nf5 Rh3 36. Nxd4 g4 37. Rc2 Rxc2 38. Nxc2 Rf3+ 39. Ke2 Rc3 40. Rd8+ Kf7 41. Kd2 Ke7 42. Rh8 Rh3 43. Ra8 Bxc5 44. Bxc5+ Kf6 45. Bg1 h5 46. Ke2 h4 47. Rf8+ Ke5 48. Ne1 g3 49. Nf3+ Kd5 50. Rxf4 gxh2 51. Bxh2 1-0

[Event "Mauricie op U2000"]
[Site "Trois-Rivieres CAN"]
[Date "2001.03.17"]
[Round "2"]
[White "Mongeau, Diane"]
[Black "Morin, Louis"]
[Result "0-1"]
[WhiteElo "1977"]
[BlackElo "1863"]
[PlyCount "112"]
[GameId "2160767911565186"]
[EventDate "2001.03.16"]
[EventType "swiss"]
[EventRounds "5"]
[EventCountry "CAN"]
[SourceTitle "hb 2013"]

1. d4 d5 2. c4 e6 3. Nc3 c5 4. e3 Nf6 5. Nf3 Nc6 6. Be2 a6 7. O-O dxc4 8. Bxc4 b5 9. Bb3 cxd4 10. exd4 b4 11. Ne2 Bd6 12. Bg5 O-O 13. d5 exd5 14. Bxd5 Bxh2+ 15. Nxh2 Qxd5 16. Bxf6 Qxd1 17. Rfxd1 gxf6 18. Rd6 Ne5 19. b3 Be6 20. Rad1 a5 21. Nd4 Rfd8 22. Nxe6 Rxd6 23. Rxd6 fxe6 24. Rxe6 a4 25. Nf3 axb3 26. axb3 Nxf3+ 27. gxf3 Ra3 28. Re3 Kf7 29. Kg2 Kg6 30. Kg3 Kf5 31. Kg2 Kg5 32. Kg3 h5 33. Kh3 f5 34. Kg2 Kf4 35. Kh3 Ra2 36. Kg2 Rc2 37. Rd3 Ke5 38. Re3+ Kd4 39. f4 Rc3 40. Re5 Rxb3 41. Rxf5 Rc3 42. Rb5 Kc4 43. Rb6 b3 44. f5 Rd3 45. f6 Rd5 46. f4 Kc3 47. Kf3 b2 48. Ke4 Rd6 49. Rxd6 b1=Q+ 50. Ke5 Qb5+ 51. Ke6 Qe8+ 52. Kf5 Qg8 53. Ke5 h4 54. Rd7 h3 55. f7 Qg7+ 56. Ke6 h2 0-1

[Event "Mauricie op U2000"]
[Site "Trois-Rivieres CAN"]
[Date "2001.03.17"]
[Round "3"]
[White "Morin, Louis"]
[Black "Gauthier, Denis"]
[Result "1-0"]
[WhiteElo "1863"]
[BlackElo "1946"]
[PlyCount "91"]
[GameId "2160767911565188"]
[EventDate "2001.03.16"]
[EventType "swiss"]
[EventRounds "5"]
[EventCountry "CAN"]
[SourceTitle "hb 2013"]

1. e4 Nf6 2. Nc3 d5 3. e5 Ne4 4. Nce2 Nc5 5. d4 Ne6 6. Be3 g6 7. Qd2 Bg7 8. Nf3 b6 9. g3 c5 10. c3 Nc6 11. Bg2 Bb7 12. O-O O-O 13. Bh6 Ba6 14. Bxg7 Kxg7 15. Rfe1 Qd7 16. Rad1 Rfd8 17. Qe3 Bxe2 18. Rxe2 c4 19. Nh4 Nf8 20. f4 e6 21. g4 Ne7 22. Qg3 Kh8 23. Bh3 b5 24. Rf1 a5 25. Kh1 b4 26. Rg2 Rab8 27. f5 g5 28. Nf3 h6 29. Qe1 Rb6 30. Qd2 Nh7 31. Ng1 Rf8 32. Rgf2 Kg8 33. Ne2 Rbb8 34. Ng3 Qa4 35. Nh5 Qxa2 36. Nf6+ Nxf6 37. exf6 Nc6 38. fxe6 bxc3 39. Qc2 Rxb2 40. exf7+ Kxf7 41. Qh7+ Ke8 42. Re1+ Kd8 43. Qe7+ Nxe7 44. fxe7+ Kc7 45. exf8=Q Rxf2 46. Qc5+ 1-0

[Event "Mauricie op U2000"]
[Site "Trois-Rivieres CAN"]
[Date "2001.03.18"]
[Round "5"]
[White "Martineau, Michel"]
[Black "Morin, Louis"]
[Result "1-0"]
[WhiteElo "1817"]
[BlackElo "1863"]
[PlyCount "87"]
[GameId "2160767911565191"]
[EventDate "2001.03.16"]
[EventType "swiss"]
[EventRounds "5"]
[EventCountry "CAN"]
[SourceTitle "hb 2013"]

1. f4 d6 2. b3 e5 3. fxe5 dxe5 4. Bb2 Nc6 5. g3 Nf6 6. Bg2 Bd6 7. Nc3 O-O 8. e3 Qe7 9. d3 Bg4 10. Qd2 Rad8 11. Nge2 Nb8 12. O-O-O Ba3 13. Bxb7 Bxb2+ 14. Kxb2 c6 15. h3 Bxe2 16. Qxe2 Qxb7 17. g4 Qb6 18. g5 Nd5 19. Ne4 Qxe3 20. Qh5 Nf4 21. Qg4 Qe2 22. Qf5 Nd7 23. Rde1 g6 24. Nf6+ Kh8 25. Qxd7 Qf2 26. Ref1 Qg2 27. Qg4 Qe2 28. Ne4 Qg2 29. Qxg2 Nxg2 30. h4 Nf4 31. Nf6 Kg7 32. Re1 h5 33. Rxe5 Rxd3 34. Re7 Rd4 35. Rxa7 Ng2 36. Ra4 Rxa4 37. bxa4 Rb8+ 38. Kc3 c5 39. Rh2 Ne3 40. Rd2 Rb4 41. Rd8 Nd5+ 42. Rxd5 Rxa4 43. Rd8 Rc4+ 44. Kb2 1-0

[Event "Medicine Hat op"]
[Site "Medicine Hat CAN"]
[Date "2001.09.15"]
[Round "1"]
[White "Hughey, Micah"]
[Black "Pivovarov, Juraj"]
[Result "1-0"]
[WhiteElo "2192"]
[BlackElo "1749"]
[PlyCount "69"]
[GameId "2160767911485251"]
[EventDate "2001.09.15"]
[EventType "swiss"]
[EventRounds "5"]
[EventCountry "CAN"]

1. d4 Nf6 2. Nf3 g6 3. Nbd2 Bg7 4. e4 d6 5. Bc4 O-O 6. Bb3 Nbd7 7. e5 Ne8 8. e6 fxe6 9. Bxe6+ Kh8 10. Ng5 Bxd4 11. Ndf3 Bg7 12. Nf7+ Rxf7 13. Bxf7 Nc5 14. Be3 Ne4 15. Qd3 Bf5 16. Qb3 N8f6 17. Be6 Ng4 18. Bxf5 gxf5 19. Ng5 Nxg5 20. Bxg5 d5 21. f3 Ne5 22. Qxb7 Rb8 23. Bxe7 Qe8 24. Qxc7 Ng6 25. O-O Nxe7 26. Rae1 Bf6 27. Re6 Qf8 28. Rxf6 Qxf6 29. Qxb8+ Kg7 30. c3 f4 31. Re1 Ng6 32. Qxa7+ Kh6 33. Qd4 Qg5 34. Re6 Kh5 35. Qf6 1-0

[Event "Medicine Hat op"]
[Site "Medicine Hat CAN"]
[Date "2001.09.15"]
[Round "1"]
[White "MacFarlane, Donald"]
[Black "Sorgard, Graham"]
[Result "1-0"]
[WhiteElo "1492"]
[BlackElo "1850"]
[PlyCount "55"]
[GameId "2160767911485252"]
[EventDate "2001.09.15"]
[EventType "swiss"]
[EventRounds "5"]
[EventCountry "CAN"]

1. e4 g6 2. d4 Bg7 3. Bc4 d6 4. Nf3 Nf6 5. Nc3 O-O 6. O-O Nxe4 7. Bxf7+ Rxf7 8. Nxe4 Bg4 9. Neg5 Rf8 10. Qd3 d5 11. Nh4 e5 12. dxe5 Bxe5 13. Nxg6 Bf5 14. Ne7+ Qxe7 15. Qxd5+ Kh8 16. Qxb7 Nd7 17. Qd5 Nf6 18. Nf7+ Rxf7 19. Qxa8+ Rf8 20. Qxa7 Rg8 21. g3 Ne4 22. Be3 Qh4 23. Bd4 Qf6 24. Bxe5 Qxe5 25. Rfe1 Qxb2 26. Qxc7 Qd4 27. Qf4 Nd2 28. Qxd4+ 1-0

[Event "Medicine Hat op"]
[Site "Medicine Hat CAN"]
[Date "2001.09.15"]
[Round "3"]
[White "Kazmaier, Daniel"]
[Black "Pivovarov, Juraj"]
[Result "0-1"]
[WhiteElo "1492"]
[BlackElo "1749"]
[PlyCount "36"]
[GameId "2160767911485254"]
[EventDate "2001.09.15"]
[EventType "swiss"]
[EventRounds "5"]
[EventCountry "CAN"]

1. d4 Nf6 2. c4 g6 3. Nc3 Bg7 4. e4 d6 5. Bd3 e5 6. d5 O-O 7. f4 Nbd7 8. Nf3 Re8 9. Be3 Ng4 10. Bd2 Nc5 11. Bc2 exf4 12. Qe2 f5 13. O-O-O fxe4 14. Nxe4 Bf5 15. h3 Nf6 16. Nxf6+ Qxf6 17. Bc3 Rxe2 18. Bxf6 Rxc2+ 0-1

[Event "Medicine Hat op"]
[Site "Medicine Hat CAN"]
[Date "2001.09.16"]
[Round "4"]
[White "Pivovarov, Juraj"]
[Black "Eshleman, Brandon"]
[Result "1/2-1/2"]
[WhiteElo "1749"]
[BlackElo "1783"]
[PlyCount "119"]
[GameId "2160767911485255"]
[EventDate "2001.09.15"]
[EventType "swiss"]
[EventRounds "5"]
[EventCountry "CAN"]

1. c4 e5 2. g3 Nf6 3. Bg2 c6 4. d3 d5 5. cxd5 cxd5 6. a3 Nc6 7. Nc3 Bc5 8. e3 O-O 9. b4 Bb6 10. Bb2 a5 11. b5 Ne7 12. Rc1 Be6 13. Na4 Nd7 14. Nf3 f6 15. O-O Rc8 16. Rxc8 Qxc8 17. Qd2 Qa8 18. Nxb6 Nxb6 19. Bc3 a4 20. Bb4 Rf7 21. Rc1 Nec8 22. Ba5 Qa7 23. Qb4 Na8 24. Qc3 b6 25. Bb4 Rc7 26. Qb2 Rxc1+ 27. Qxc1 Qc7 28. Qd1 Qa7 29. d4 e4 30. Nd2 Bd7 31. Bf1 Nc7 32. Qc2 Kf7 33. Nb1 Ne7 34. Nc3 Ng6 35. Qxa4 Qxa4 36. Nxa4 Bxb5 37. Bxb5 Nxb5 38. Nxb6 Nc7 39. a4 Ke6 40. a5 Na6 41. Ba3 Nh8 42. Na4 Kd7 43. Nc5+ Nxc5 44. Bxc5 Nf7 45. Kf1 Nd8 46. Ke2 Kc6 47. g4 Kb5 48. Bb6 Nc6 49. f3 Nxa5 50. Bxa5 Kxa5 51. fxe4 dxe4 52. Kf2 Kb5 53. Kg3 g5 54. h4 h6 55. hxg5 hxg5 56. Kf2 Kc4 57. Ke2 Kd5 58. Kf2 Kc4 59. Kg3 Kd5 60. Kf2 1/2-1/2

[Event "Medicine Hat op"]
[Site "Medicine Hat CAN"]
[Date "2001.09.16"]
[Round "5"]
[White "Eberhardt, Gary"]
[Black "Pivovarov, Juraj"]
[Result "1-0"]
[WhiteElo "1688"]
[BlackElo "1749"]
[PlyCount "62"]
[GameId "2160767911485256"]
[EventDate "2001.09.15"]
[EventType "swiss"]
[EventRounds "5"]
[EventCountry "CAN"]

1. c4 c5 2. e4 Nc6 3. Nf3 e5 4. b3 g6 5. Bb2 d6 6. Be2 Bg7 7. O-O Nge7 8. Nc3 O-O 9. Nd5 Nxd5 10. cxd5 Ne7 11. a4 f5 12. d3 a6 13. Qc2 h6 14. Bc3 g5 15. h3 Ng6 16. b4 b6 17. a5 g4 18. hxg4 fxg4 19. Nh2 Qh4 20. g3 Qd8 21. axb6 Qxb6 22. bxc5 Qxc5 23. Ra5 Qb6 24. Nxg4 h5 25. Nh2 Bh3 26. Bxh5 Bxf1 27. Bxg6 Bh3 28. g4 Rac8 29. Qd2 Rxc3 30. Ra1 Rxd3 31. Qe2 Rg3+ 1-0

[Event "Mike's March Madness"]
[Site "Victoria CAN"]
[Date "2001.03.23"]
[Round "1.1"]
[White "Davies, Alex"]
[Black "Moore, Harry"]
[Result "0-1"]
[WhiteElo "2263"]
[BlackElo "2248"]
[PlyCount "106"]
[GameId "2160767911565117"]
[EventDate "2001.03.23"]
[EventType "tourn"]
[EventRounds "5"]
[EventCountry "CAN"]

1. d4 Nf6 2. Nc3 g6 3. e4 d6 4. f4 Bg7 5. Nf3 c5 6. dxc5 Qa5 7. Qd3 O-O 8. Qb5 Qc7 9. Bd3 Nc6 10. O-O Bg4 11. Be3 Bd7 12. cxd6 exd6 13. Nd5 Nxd5 14. Qxd5 Bxb2 15. Rab1 Bg7 16. f5 b6 17. Bf4 Ne5 18. fxg6 hxg6 19. Bxe5 Bxe5 20. Nxe5 dxe5 21. Rxf7 Rxf7 22. Qxa8+ Kg7 23. Qd5 Rf6 24. a3 Be6 25. Qb5 Bd7 26. Qd5 Be6 27. Qb5 Bd7 28. Qc4 Rc6 29. Qb4 Be6 30. Rf1 Rc5 31. Qe1 Qe7 32. Qd2 Ra5 33. Qb4 Qc5+ 34. Kh1 Rxa3 35. Qe1 Qe7 36. h4 Kh7 37. Qg3 Ra5 38. Qf2 Rc5 39. g3 Kg7 40. Rb1 Rc8 41. Qe2 Rh8 42. Kg2 g5 43. hxg5 Bh3+ 44. Kg1 Qxg5 45. Kf2 Rf8+ 46. Kg1 Qxg3+ 47. Kh1 Rf2 48. Qxf2 Qxf2 49. Rg1+ Kh7 50. c4 Qf3+ 51. Kh2 Qxd3 52. c5 Be6 53. Rg3 Qe2+ 0-1

[Event "Mike's March Madness"]
[Site "Victoria CAN"]
[Date "2001.03.23"]
[Round "1.2"]
[White "Stanford, Mike"]
[Black "Yoos, John"]
[Result "0-1"]
[WhiteElo "2086"]
[BlackElo "2424"]
[PlyCount "38"]
[GameId "2160767911565118"]
[EventDate "2001.03.23"]
[EventType "tourn"]
[EventRounds "5"]
[EventCountry "CAN"]

1. e4 c5 2. Nf3 Nc6 3. d4 cxd4 4. Nxd4 Qb6 5. Nb3 Nf6 6. Nc3 e6 7. Bd3 a6 8. O-O Qc7 9. f4 d6 10. Qf3 Be7 11. a4 O-O 12. Rf2 b6 13. g4 Bb7 14. Qh3 Nb4 15. g5 Nd7 16. f5 Nxd3 17. cxd3 exf5 18. exf5 Rfe8 19. g6 Nf8 0-1

[Event "Mike's March Madness"]
[Site "Victoria CAN"]
[Date "2001.03.23"]
[Round "1.3"]
[White "Poitras, Luc"]
[Black "Wu, Howard"]
[Result "0-1"]
[WhiteElo "2194"]
[BlackElo "2214"]
[PlyCount "84"]
[GameId "2160767911565119"]
[EventDate "2001.03.23"]
[EventType "tourn"]
[EventRounds "5"]
[EventCountry "CAN"]

1. e4 c5 2. Nf3 Nc6 3. Bb5 g6 4. O-O Bg7 5. Bxc6 bxc6 6. c3 Nf6 7. Re1 O-O 8. d4 cxd4 9. Nxd4 Qc7 10. h3 Bb7 11. e5 Nd5 12. Qe2 f6 13. exf6 Bxf6 14. Na3 Rae8 15. Bh6 Rf7 16. Qg4 e5 17. Nc4 Ne7 18. Nf3 Nf5 19. Be3 d5 20. Ncd2 Bc8 21. Qa4 Nxe3 22. Rxe3 Bd7 23. Nb3 e4 24. Nh2 Qf4 25. g3 Qb8 26. Ng4 Bg5 27. Re2 c5 28. Qa3 Bb5 29. Rae1 Bxe2 30. Rxe2 Qb5 31. Re1 h5 32. Nh2 e3 33. f4 e2 34. Qxc5 Qd3 35. Qf2 Re3 36. Nc5 Qd1 37. Kg2 Be7 38. Nb3 h4 39. Nf3 Qd3 40. Nc1 hxg3 41. Kxg3 Qe4 42. Nxe2 Bh4+ 0-1

[Event "Mike's March Madness"]
[Site "Victoria CAN"]
[Date "2001.03.24"]
[Round "2.1"]
[White "Moore, Harry"]
[Black "Wu, Howard"]
[Result "1/2-1/2"]
[WhiteElo "2248"]
[BlackElo "2214"]
[PlyCount "38"]
[GameId "2160767911565120"]
[EventDate "2001.03.23"]
[EventType "tourn"]
[EventRounds "5"]
[EventCountry "CAN"]

1. e4 d5 2. exd5 Nf6 3. d4 Nxd5 4. c4 Nb6 5. Nf3 Bg4 6. c5 Bxf3 7. Qxf3 Nd5 8. Bc4 e6 9. Nc3 c6 10. O-O Be7 11. Qg3 Nxc3 12. bxc3 O-O 13. Bf4 Nd7 14. Rae1 b6 15. Re4 Bh4 16. Qh3 bxc5 17. Bd6 Be7 18. Bxe6 Bxd6 19. Bxd7 Qf6 1/2-1/2

[Event "Mike's March Madness"]
[Site "Victoria CAN"]
[Date "2001.03.24"]
[Round "2.2"]
[White "Yoos, John"]
[Black "Poitras, Luc"]
[Result "1/2-1/2"]
[WhiteElo "2424"]
[BlackElo "2194"]
[PlyCount "65"]
[GameId "2160767911565121"]
[EventDate "2001.03.23"]
[EventType "tourn"]
[EventRounds "5"]
[EventCountry "CAN"]

1. e4 c5 2. Nf3 Nc6 3. d4 cxd4 4. Nxd4 e5 5. Nb5 d6 6. Be3 Be7 7. Nd2 a6 8. Nc3 Nf6 9. Bg5 b5 10. Bxf6 Bxf6 11. a4 b4 12. Nd5 O-O 13. Nc4 Bg5 14. a5 Be6 15. c3 bxc3 16. bxc3 Ne7 17. Ncb6 Bxd5 18. exd5 Ra7 19. Bc4 Nc8 20. Qb3 Qc7 21. O-O Ne7 22. Qc2 f5 23. Qe2 Kh8 24. Bxa6 Qxc3 25. Ra2 e4 26. Qc4 Qe5 27. Bb5 f4 28. Nd7 Rxd7 29. Bxd7 f3 30. Bh3 Nxd5 31. Re1 Nc3 32. Rc2 Ne2+ 33. Rcxe2 1/2-1/2

[Event "Mike's March Madness"]
[Site "Victoria CAN"]
[Date "2001.03.24"]
[Round "2.3"]
[White "Davies, Alex"]
[Black "Stanford, Mike"]
[Result "0-1"]
[WhiteElo "2263"]
[BlackElo "2086"]
[PlyCount "64"]
[GameId "2160767911565122"]
[EventDate "2001.03.23"]
[EventType "tourn"]
[EventRounds "5"]
[EventCountry "CAN"]

1. e4 c5 2. f4 e6 3. Nf3 Nc6 4. Nc3 d6 5. Bc4 Nf6 6. d3 g6 7. O-O Bg7 8. Qe1 O-O 9. f5 h6 10. fxg6 fxg6 11. Qh4 g5 12. Bxg5 hxg5 13. Nxg5 Nd4 14. e5 dxe5 15. Rae1 b5 16. Nxb5 Nxb5 17. Bxb5 Qd4+ 18. Qxd4 cxd4 19. Rxe5 Ng4 20. Rxf8+ Kxf8 21. Nxe6+ Ke7 22. Rg5 Bxe6 23. Rxg7+ Kf6 24. Rc7 Rb8 25. a4 a6 26. Bc4 Rxb2 27. g3 Rxc2 28. Rc6 Rc1+ 29. Kg2 Rc2+ 30. Kf3 Ne5+ 31. Ke4 Nxc6 32. Bxa6 Re2+ 0-1

[Event "Mike's March Madness"]
[Site "Victoria CAN"]
[Date "2001.03.24"]
[Round "3.1"]
[White "Stanford, Mike"]
[Black "Moore, Harry"]
[Result "0-1"]
[WhiteElo "2086"]
[BlackElo "2248"]
[PlyCount "100"]
[GameId "2160767911565123"]
[EventDate "2001.03.23"]
[EventType "tourn"]
[EventRounds "5"]
[EventCountry "CAN"]

1. e4 c5 2. Nf3 d6 3. d4 cxd4 4. Nxd4 Nf6 5. Nc3 a6 6. Bg5 e6 7. f4 b5 8. e5 dxe5 9. fxe5 Qc7 10. exf6 Qe5+ 11. Be2 Qxg5 12. Nf3 Qxf6 13. O-O Bc5+ 14. Kh1 Bb7 15. Qd3 Qg6 16. Qd2 O-O 17. Bd3 Qh5 18. Ne4 Bxe4 19. Bxe4 Ra7 20. Qf4 Be7 21. Rad1 Rd7 22. Rxd7 Nxd7 23. Qc7 Nc5 24. Bb7 Bd8 25. Qc6 Nxb7 26. Qxb7 a5 27. Qc6 Bf6 28. c3 Qf5 29. Kg1 Qd3 30. Qa6 a4 31. Qc6 h6 32. Qc5 Rd8 33. Re1 Kh7 34. a3 Rd7 35. Qe3 Qd6 36. Kf1 Qc7 37. Qe2 Rd5 38. Rd1 Rf5 39. Qd3 g6 40. Qd7 Qc4+ 41. Kg1 Kg7 42. Nd4 Qc5 43. Qd6 Bxd4+ 44. Qxd4+ Qxd4+ 45. Rxd4 Kf6 46. Rb4 h5 47. c4 bxc4 48. Rxc4 Rb5 49. Rf4+ Ke7 50. Rxa4 Rxb2 0-1

[Event "Mike's March Madness"]
[Site "Victoria CAN"]
[Date "2001.03.24"]
[Round "3.2"]
[White "Poitras, Luc"]
[Black "Davies, Alex"]
[Result "0-1"]
[WhiteElo "2194"]
[BlackElo "2253"]
[PlyCount "120"]
[GameId "2160767911565124"]
[EventDate "2001.03.23"]
[EventType "tourn"]
[EventRounds "5"]
[EventCountry "CAN"]

1. e4 Nc6 2. Bb5 Nf6 3. Nc3 e5 4. Nf3 Nd4 5. Bc4 Bc5 6. Nxe5 O-O 7. Nxf7 Qe7 8. Nd6+ Kh8 9. Nxc8 Raxc8 10. d3 b5 11. Bb3 Nxb3 12. axb3 b4 13. O-O bxc3 14. bxc3 Bb6 15. Bg5 Qe5 16. Bd2 d5 17. exd5 Qxd5 18. c4 Qd6 19. b4 c5 20. b5 Rce8 21. Be3 Bc7 22. g3 Bb6 23. Bf4 Qd4 24. Qd2 Ng4 25. h3 Ne5 26. Bxe5 Rxe5 27. Rae1 Rfe8 28. Rxe5 Qxe5 29. Qe3 Bc7 30. Qxe5 Rxe5 31. f4 Re2 32. Rf2 Re3 33. Kg2 g5 34. Rf3 gxf4 35. Rxe3 fxe3 36. Kf3 Kg7 37. Kxe3 Kf6 38. Ke4 Ke6 39. g4 Be5 40. Kf3 Bc3 41. Ke4 Bd2 42. d4 Bb4 43. d5+ Kf6 44. g5+ Kxg5 45. d6 Ba5 46. Kd5 Bb6 47. d7 Kh4 48. d8=Q+ Bxd8 49. Kxc5 Kxh3 50. Kd6 h5 51. c5 h4 52. c6 Kg4 53. Kd7 Ba5 54. c4 h3 55. c5 h2 56. b6 h1=Q 57. c7 Qd5+ 58. Ke8 Qxc5 59. Kd7 Qd5+ 60. Ke8 Qc6+ 0-1

[Event "Mike's March Madness"]
[Site "Victoria CAN"]
[Date "2001.03.24"]
[Round "3.3"]
[White "Wu, Howard"]
[Black "Yoos, John"]
[Result "0-1"]
[WhiteElo "2214"]
[BlackElo "2424"]
[PlyCount "94"]
[GameId "2160767911565125"]
[EventDate "2001.03.23"]
[EventType "tourn"]
[EventRounds "5"]
[EventCountry "CAN"]

1. e4 c5 2. Nf3 Nc6 3. d4 cxd4 4. Nxd4 Nf6 5. Nc3 e6 6. g3 Qb6 7. Nb3 Bb4 8. Be3 Qd8 9. Bg2 d5 10. O-O Bxc3 11. exd5 Nxd5 12. bxc3 Nxe3 13. Bxc6+ bxc6 14. Qxd8+ Kxd8 15. fxe3 Ke7 16. Rad1 f6 17. Rf4 Rd8 18. Rfd4 Rxd4 19. cxd4 Rb8 20. Rd2 Ba6 21. Nc5 Bc4 22. a4 Rb1+ 23. Kf2 f5 24. e4 g5 25. e5 Kf7 26. Kf3 Kg6 27. Rf2 Re1 28. Rd2 Rb1 29. Rf2 Re1 30. Rd2 h5 31. Kf2 Rf1+ 32. Kg2 f4 33. gxf4 Rxf4 34. Nd7 Bf1+ 35. Kg1 Bh3 36. Rd1 h4 37. c4 g4 38. Kh1 Rf2 39. Nc5 g3 40. hxg3 hxg3 41. Kg1 Rf4 42. Nxe6 Bxe6 43. Kg2 Bxc4 44. Kxg3 Kf5 45. a5 Bd5 46. Rd3 Rg4+ 47. Kf2 Kf4 0-1

[Event "Mike's March Madness"]
[Site "Victoria CAN"]
[Date "2001.03.25"]
[Round "4.1"]
[White "Moore, Harry"]
[Black "Yoos, John"]
[Result "1/2-1/2"]
[WhiteElo "2248"]
[BlackElo "2424"]
[PlyCount "58"]
[GameId "2160767911565126"]
[EventDate "2001.03.23"]
[EventType "tourn"]
[EventRounds "5"]
[EventCountry "CAN"]

1. c4 e5 2. Nc3 Bb4 3. Nd5 Be7 4. Nf3 d6 5. g3 c6 6. Nxe7 Qxe7 7. Bg2 Nf6 8. O-O O-O 9. d3 d5 10. Bg5 h6 11. Bxf6 Qxf6 12. cxd5 cxd5 13. d4 e4 14. Ne5 Qb6 15. Qd2 Bf5 16. f3 e3 17. Qxe3 f6 18. Nd3 Nc6 19. Nf4 Rfe8 20. Qf2 Qxd4 21. Qxd4 Nxd4 22. Nxd5 Rxe2 23. Rf2 Rae8 24. Nc3 Re1+ 25. Rxe1 Rxe1+ 26. Rf1 Ne2+ 27. Kf2 Rxf1+ 28. Bxf1 Nxc3 29. bxc3 Kf7 1/2-1/2

[Event "Mike's March Madness"]
[Site "Victoria CAN"]
[Date "2001.03.25"]
[Round "4.2"]
[White "Davies, Alex"]
[Black "Wu, Howard"]
[Result "1-0"]
[WhiteElo "2263"]
[BlackElo "2214"]
[PlyCount "79"]
[GameId "2160767911565127"]
[EventDate "2001.03.23"]
[EventType "tourn"]
[EventRounds "5"]
[EventCountry "CAN"]

1. e4 c5 2. Nf3 Nc6 3. d4 cxd4 4. Nxd4 g6 5. c4 Bg7 6. Be3 Nf6 7. Nc3 Ng4 8. Qxg4 Nxd4 9. Qd1 e5 10. Nb5 Nxb5 11. cxb5 O-O 12. Bc4 d6 13. O-O Be6 14. Bd5 Qe7 15. Qb3 Bxd5 16. Qxd5 Kh8 17. Rfd1 Rfd8 18. Rac1 f5 19. f3 h5 20. exf5 gxf5 21. Rc2 Rd7 22. a4 f4 23. Bf2 Bf8 24. Rdc1 Qg5 25. Rc7 Rg7 26. Rxg7 Qxg7 27. Qe6 b6 28. Bh4 Qb7 29. Bf6+ Bg7 30. Qxd6 Bxf6 31. Rc7 Qxc7 32. Qxc7 Rd8 33. g3 fxg3 34. hxg3 Rd2 35. Qb8+ Kg7 36. Qxa7+ Kg6 37. Qxb6 e4 38. fxe4 Re2 39. Qc6 Kg5 40. Qd5+ 1-0